[Event "Swiss Queens Wed #13"]
[Site "FIDE Online Arena INT"]
[Date "2024.04.24"]
[Round "6"]
[White "Anupam, M Sreekumar"]
[Black "Gunina, Valentina"]
[Result "0-1"]
[WhiteElo "1777"]
[BlackElo "2437"]
[PlyCount "114"]
[EventDate "2024.04.24"]
[EventType "swiss (blitz)"]
[EventRounds "11"]
[EventCountry "NET"]
[SourceTitle "CB18_2024"]
[SourceDate "2024.05.01"]
[SourceVersion "1"]
[SourceVersionDate "2024.05.01"]
[SourceQuality "2"]

1. e4 c6 2. d4 d5 3. Nc3 dxe4 4. Nxe4 Nf6 5. Nxf6+ exf6 6. Bd3 Bd6 7. Qh5 g6 8. Qh6 Bf8 9. Qh4 Bg7 10. Ne2 0-0 11. 0-0 Nd7 12. Bh6 Re8 13. Bxg7 Kxg7 14. c3 Nf8 15. h3 Be6 16. Nf4 f5 17. Qxd8 Raxd8 18. Rfe1 a6 19. Bc2 h5 20. Nd3 Nd7 21. Ne5 Nf6 22. Re2 Bd5 23. f3 Nd7 24. b3 Nxe5 25. dxe5 Be6 26. Kf2 Rd5 27. Rd1 Red8 28. Rxd5 Rxd5 29. f4 h4 30. Ke3 Ra5 31. Bb1 f6 32. exf6+ Kxf6 33. Rd2 Ke7 34. c4 b5 35. cxb5 axb5 36. Kd4 b4 37. Ke3 Ra3 38. Kd4 Kd6 39. Bd3 c5+ 40. Ke3 Kc7 41. Be2 Ra8 42. Rc2 Kb6 43. Bf3 Rd8 44. Rd2 Rxd2 45. Kxd2 c4 46. Kc2 Kc5 47. bxc4 Bxc4 48. Kb2 Kd4 49. a3 bxa3+ 50. Kxa3 Ke3 51. Kb4 Bf1 52. Kc3 Kxf4 53. Kd2 Kg3 54. Ke3 Bxg2 55. Bxg2 Kxg2 56. Kf4 Kxh3 57. Kg5 Kg3 0-1

[Event "Swiss Queens Wed #13"]
[Site "FIDE Online Arena INT"]
[Date "2024.04.24"]
[Round "4"]
[White "Anupam, M Sreekumar"]
[Black "Priyanka, Nutakki"]
[Result "0-1"]
[WhiteElo "1777"]
[BlackElo "2272"]
[PlyCount "58"]
[EventDate "2024.04.24"]
[EventType "swiss (blitz)"]
[EventRounds "11"]
[EventCountry "NET"]
[SourceTitle "CB18_2024"]
[SourceDate "2024.05.01"]
[SourceVersion "1"]
[SourceVersionDate "2024.05.01"]
[SourceQuality "2"]

1. e4 e6 2. d4 d5 3. e5 c5 4. c3 Qb6 5. Nf3 Bd7 6. Be2 Bb5 7. 0-0 Bxe2 8. Qxe2 Nc6 9. Rd1 cxd4 10. cxd4 Nge7 11. Nc3 Nf5 12. Be3 Be7 13. a3 Na5 14. Qb5+ Qxb5 15. Nxb5 0-0 16. g4 Nxe3 17. fxe3 a6 18. Nc3 Nc4 19. Kf2 Rfc8 20. Rdb1 b5 21. Ne2 Rab8 22. Nc1 f6 23. Nd3 fxe5 24. Nfxe5 Nd2 25. Rd1 Ne4+ 26. Ke2 Rc2+ 27. Ke1 Rf8 28. Nf4 Rxh2 29. Nxe6 Bh4# 0-1

[Event "Swiss Queens Wed #13"]
[Site "FIDE Online Arena INT"]
[Date "2024.04.24"]
[Round "1"]
[White "Savitha Shri, B."]
[Black "Anupam, M Sreekumar"]
[Result "1-0"]
[WhiteElo "2363"]
[BlackElo "1777"]
[PlyCount "139"]
[EventDate "2024.04.24"]
[EventType "swiss (blitz)"]
[EventRounds "11"]
[EventCountry "NET"]
[SourceTitle "CB18_2024"]
[SourceDate "2024.05.01"]
[SourceVersion "1"]
[SourceVersionDate "2024.05.01"]
[SourceQuality "2"]

1. e4 e5 2. Nf3 Nc6 3. Bb5 a6 4. Ba4 Nf6 5. Nc3 b5 6. Bb3 Bb7 7. d3 d6 8. Bg5 Be7 9. h3 h6 10. Bh4 0-0 11. g4 Na5 12. g5 hxg5 13. Bxg5 Nxb3 14. axb3 d5 15. Bxf6 Bxf6 16. Nxd5 Bxd5 17. exd5 Qxd5 18. Qe2 Rfe8 19. Qe4 Qxe4+ 20. dxe4 c5 21. Ke2 Kf8 22. Ra2 Re6 23. Rd1 Ke7 24. Rd5 Rc6 25. Nxe5 Bxe5 26. Rxe5+ Re6 27. Rxc5 Rxe4+ 28. Kf3 Re6 29. Rxb5 axb5 30. Rxa8 Rc6 31. c3 Rc5 32. Rb8 Ke6 33. Ke4 Re5+ 34. Kd4 Rd5+ 35. Ke3 Re5+ 36. Kf3 Rf5+ 37. Kg3 Rg5+ 38. Kh2 Rc5 39. Rb7 g6 40. f4 f6 41. Kg3 Kf5 42. Kf3 g5 43. fxg5 fxg5 44. Rd7 Ke6 45. Rd4 Rf5+ 46. Kg4 Rf2 47. Rb4 Rf5 48. Re4+ Kf6 49. Rb4 Re5 50. Rd4 Rf5 51. c4 Rc5 52. Rd6+ Ke7 53. Rd5 Rxd5 54. cxd5 Kd6 55. Kxg5 Kxd5 56. h4 Kc5 57. h5 Kb4 58. h6 Kxb3 59. h7 Kxb2 60. h8Q+ Ka3 61. Qa1+ Kb3 62. Qb1+ Kc4 63. Kf4 b4 64. Ke3 b3 65. Kd2 Kb4 66. Kd3 Ka3 67. Kc3 Ka4 68. Qxb3+ Ka5 69. Qb7 Ka4 70. Qb4# 1-0

[Event "IND-ch U15 Girls 39th"]
[Site "Jalgaon"]
[Date "2023.12.29"]
[Round "4"]
[White "Nivedita, VC."]
[Black "Anupam, M Sreekumar"]
[Result "0-1"]
[WhiteElo "1638"]
[BlackElo "1642"]
[PlyCount "76"]
[EventDate "2023.12.27"]
[EventType "swiss"]
[EventRounds "11"]
[EventCountry "IND"]
[SourceTitle "CB02_2024"]
[SourceDate "2024.01.10"]
[SourceVersion "1"]
[SourceVersionDate "2024.01.10"]
[SourceQuality "1"]

1. Nf3 d5 2. g3 Nf6 3. Bg2 g6 4. 0-0 Bg7 5. d3 0-0 6. Nbd2 c6 7. e4 dxe4 8. dxe4 Qc7 9. Qe2 b6 10. e5 Nfd7 11. e6 Nc5 12. exf7+ Rxf7 13. Ng5 Rf8 14. Nde4 Ba6 15. c4 Qe5 16. Qg4 Bc8 17. Qd1 h6 18. Bf4 Qd4 19. Nxc5 hxg5 20. Bxb8 Qxc5 21. Bc7 Be6 22. b4 Qxb4 23. Bxc6 Rac8 24. Bd5 Bxd5 25. Qxd5+ Kh7 26. Rab1 Qa3 27. Qd7 Qc5 28. Qh3+ Bh6 29. Rbe1 Rxc7 30. Re2 Qf5 31. Qxf5 gxf5 32. Rfe1 Rf7 33. Re6 Bg7 34. Rc1 Rf6 35. Re5 Kg6 36. Re2 Rfc6 37. Rec2 Bd4 38. a4 a6 0-1

[Event "IND-ch U19 Girls"]
[Site "Ahmedabad"]
[Date "2023.09.28"]
[Round "11"]
[White "Arshiya, Das"]
[Black "Anupam, M Sreekumar"]
[Result "1-0"]
[WhiteElo "1596"]
[BlackElo "1721"]
[PlyCount "69"]
[EventDate "2023.09.20"]
[EventType "swiss"]
[EventRounds "11"]
[EventCountry "IND"]
[SourceTitle "EXT 2024"]
[Source "ChessBase"]
[SourceDate "2023.10.10"]
[SourceVersion "1"]
[SourceVersionDate "2023.10.10"]
[SourceQuality "1"]

1. e4 e5 2. Nf3 Nc6 3. Nc3 Bc5 4. Bb5 a6 5. Bxc6 dxc6 6. 0-0 Qf6 7. h3 Ne7 8. d3 h6 9. a3 Ng6 10. Be3 Bb6 11. d4 Be6 12. Nxe5 Nxe5 13. dxe5 Qxe5 14. Bxb6 cxb6 15. f4 Qc5+ 16. Kh1 Rd8 17. Qf3 Rd2 18. Rad1 Qd4 19. Rxd2 Qxd2 20. Rd1 Qxc2 21. f5 Bc8 22. f6 0-0 23. Qg3 g5 24. Kh2 Qxb2 25. Qd6 Bd7 26. Rd3 Be8 27. Nd1 Qa2 28. Ne3 Qf2 29. Qe7 h5 30. Nf5 Qf4+ 31. Rg3 g4 32. hxg4 h4 33. Nxh4 c5 34. Nf5 Qg5 35. Qe5 1-0

[Event "IND-ch U19 Girls"]
[Site "Ahmedabad"]
[Date "2023.09.26"]
[Round "9"]
[White "Divyabharathi, Masanam"]
[Black "Anupam, M Sreekumar"]
[Result "0-1"]
[WhiteElo "1596"]
[BlackElo "1721"]
[PlyCount "90"]
[EventDate "2023.09.20"]
[EventType "swiss"]
[EventRounds "11"]
[EventCountry "IND"]
[SourceTitle "EXT 2024"]
[Source "ChessBase"]
[SourceDate "2023.10.10"]
[SourceVersion "1"]
[SourceVersionDate "2023.10.10"]
[SourceQuality "1"]

1. e4 c5 2. Nf3 e6 3. d4 cxd4 4. Nxd4 a6 5. Nc3 b5 6. Bd3 Bb7 7. 0-0 Nc6 8. Be3 Qc7 9. a3 Nf6 10. Re1 Ne5 11. Bf4 d6 12. Bg3 Be7 13. Kh1 0-0 14. f4 Nc4 15. Bxc4 Qxc4 16. Qd3 Rac8 17. f5 Nh5 18. Bf2 Bf6 19. Rad1 g6 20. Be3 exf5 21. exf5 Rfe8 22. Qd2 Re7 23. Bf2 Re5 24. Re2 Rxe2 25. Ndxe2 Qg4 26. Ng3 Bxg2+ 27. Kxg2 Nf4+ 28. Kf1 Bxc3 29. bxc3 Qh3+ 30. Ke1 Re8+ 31. Be3 Ng2+ 32. Kf1 Nxe3+ 33. Kg1 Nxd1 34. Qxd1 Qh4 35. Qxd6 Rd8 36. Qe5 Qg5 37. h4 Qxh4 38. f6 h5 39. Kg2 Qg4 40. Kf2 h4 41. Ne4 Qf5+ 42. Qxf5 gxf5 43. Nc5 Rd2+ 44. Kg1 Rxc2 45. Nxa6 Rxc3 0-1

[Event "IND-ch U15 Girls 38th"]
[Site "New Delhi"]
[Date "2022.12.02"]
[Round "7"]
[White "Anupam, M Sreekumar"]
[Black "Jeevika, S1111"]
[Result "0-1"]
[WhiteElo "1777"]
[BlackElo "1438"]
[PlyCount "86"]
[EventDate "2022.11.28"]
[EventType "swiss"]
[EventRounds "11"]
[EventCountry "IND"]
[SourceTitle "CBM 211 Extra"]
[Source "ChessBase"]
[SourceDate "2023.01.31"]
[SourceVersion "1"]
[SourceVersionDate "2023.01.31"]
[SourceQuality "1"]

1. e4 c5 2. Nf3 d6 3. Bb5+ Bd7 4. Bxd7+ Qxd7 5. c4 Nc6 6. d4 cxd4 7. Nxd4 Nf6 8. Nc3 g6 9. h3 Bg7 10. Be3 0-0 11. 0-0 Rac8 12. b3 Rfd8 13. Rc1 a6 14. Qf3 Ne5 15. Qe2 Nc6 16. Rfd1 Qe8 17. f4 e5 18. fxe5 dxe5 19. Nxc6 bxc6 20. Rxd8 Rxd8 21. Rd1 Bf8 22. c5 a5 23. Rf1 Be7 24. Qc4 Rb8 25. a3 Nd7 26. b4 axb4 27. axb4 Nf8 28. Rb1 Ne6 29. b5 cxb5 30. Rxb5 Rxb5 31. Nxb5 Bxc5 32. Bxc5 Qc6 33. Kh2 Qxc5 34. Qd3 Nd4 35. Nc3 Kg7 36. Nd5 Qd6 37. Qb1 Qd8 38. Qb7 Ne6 39. Qb2 Qg5 40. g3 Nd4 41. Kg2 h5 42. h4 Qg4 43. Qf2 Qxe4+ 0-1

[Event "IND-ch U15 Girls 38th"]
[Site "New Delhi"]
[Date "2022.11.30"]
[Round "4"]
[White "Elakshi, Srivastava"]
[Black "Anupam, M Sreekumar"]
[Result "0-1"]
[WhiteElo "1381"]
[BlackElo "1777"]
[PlyCount "86"]
[EventDate "2022.11.28"]
[EventType "swiss"]
[EventRounds "11"]
[EventCountry "IND"]
[SourceTitle "CBM 211 Extra"]
[Source "ChessBase"]
[SourceDate "2023.01.31"]
[SourceVersion "1"]
[SourceVersionDate "2023.01.31"]
[SourceQuality "1"]

1. Nf3 Nf6 2. b3 g6 3. Bb2 Bg7 4. g3 0-0 5. Bg2 d5 6. d4 b6 7. Nbd2 Bb7 8. 0-0 c5 9. e3 Nc6 10. Rc1 cxd4 11. exd4 Rc8 12. Re1 Nb4 13. Ba3 Nxa2 14. Bxe7 Qc7 15. Bxf8 Nc3 16. Re7 Nxd1 17. Rxc7 Rxc7 18. Bxg7 Nc3 19. Ra1 Kxg7 20. Rxa7 Nb5 21. Ra2 Ne4 22. c4 Nec3 23. Ra1 dxc4 24. bxc4 Bxf3 25. Nxf3 Rxc4 26. Bf1 Rb4 27. Bxb5 Nxb5 28. d5 Nd6 29. Rc1 Rc4 30. Rxc4 Nxc4 31. Kf1 Kf6 32. Ke2 Kf5 33. Kd3 Ne5+ 34. Nxe5 Kxe5 35. Kc4 Kd6 36. Kb5 Kxd5 37. Kxb6 Ke4 38. f4 Kf3 39. Kc5 Kg2 40. Kd5 Kxh2 41. g4 Kg3 42. f5 Kxg4 43. f6 Kf5 0-1

[Event "Wch U14 Girls"]
[Site "Mamaia"]
[Date "2022.09.13"]
[Round "8"]
[White "Anupam, M Sreekumar"]
[Black "Maria, Lia Alexandra"]
[Result "1-0"]
[WhiteElo "1627"]
[BlackElo "1854"]
[PlyCount "217"]
[EventDate "2022.09.06"]
[EventType "swiss"]
[EventRounds "11"]
[EventCountry "ROU"]
[SourceTitle "CBM 210 Extra"]
[Source "ChessBase"]
[SourceDate "2022.11.30"]
[SourceVersion "1"]
[SourceVersionDate "2022.11.30"]
[SourceQuality "1"]

1. e4 c5 2. Nf3 d6 3. Bb5+ Nd7 4. 0-0 a6 5. Bd3 Ngf6 6. a4 g6 7. c3 Bg7 8. Bc2 0-0 9. d4 cxd4 10. cxd4 Qc7 11. Nc3 b6 12. h3 Bb7 13. Be3 Rfd8 14. Rc1 Rac8 15. Re1 Qb8 16. Qd2 b5 17. axb5 axb5 18. Bg5 b4 19. Na2 b3 20. Bxb3 Bxe4 21. Bxf6 Nxf6 22. Qe3 Nd5 23. Qxe4 Qxb3 24. Nc3 Nb4 25. Rb1 e6 26. Ng5 Nc2 27. Red1 Bxd4 28. Rxd4 Rxc3 29. Qh4 h5 30. Nxf7 Nxd4 31. Qxd8+ Kxf7 32. Ra1 Rc1+ 33. Rxc1 Ne2+ 34. Kf1 Nxc1 35. Qc7+ Kf6 36. Qxc1 e5 37. Kg1 Kf5 38. Qc8+ Ke4 39. Qc6+ Kf5 40. Qd7+ Kg5 41. Qxd6 Qxb2 42. Qe7+ Kh6 43. Qf8+ Kh7 44. g3 Qb1+ 45. Kg2 Qb7+ 46. Qf3 e4 47. Qe3 Qd5 48. Kh2 Qf5 49. Qd4 Qf3 50. Kg1 Qf5 51. h4 Qf3 52. Qd7+ Kg8 53. Qd5+ Kg7 54. Qd7+ Kg8 55. Qd4 Kh7 56. Qe5 Qd1+ 57. Kh2 Qd3 58. Qe7+ Kg8 59. Qf6 Kh7 60. Kg2 Qe2 61. Qf7+ Kh6 62. Qg8 Qf3+ 63. Kg1 Qd1+ 64. Kh2 Qd4 65. Kg2 Qf6 66. Kg1 Qa1+ 67. Kg2 Qf6 68. Qb3 Qe5 69. Kf1 Qa1+ 70. Ke2 Qa6+ 71. Ke3 Qa7+ 72. Ke2 Qa6+ 73. Kd2 Qd6+ 74. Ke1 Qc6 75. Qe3+ Kg7 76. Kd2 Qd5+ 77. Kc3 Qc6+ 78. Kd4 Qa4+ 79. Ke5 Qc2 80. Kf4 Kf6 81. Qd4+ Kf7 82. Qd5+ Kf6 83. Qd4+ Kf7 84. Kg5 Qc6 85. Qa7+ Ke8 86. Qb8+ Ke7 87. Qa7+ Ke8 88. Qg7 e3 89. fxe3 Qd5+ 90. Kxg6 Qf3 91. Kh6 Qxe3+ 92. Kxh5 Qf3+ 93. g4 Qd5+ 94. Kh6 Qd2+ 95. g5 Qf4 96. h5 Qf3 97. Qf6 Qxf6+ 98. gxf6 Kf7 99. Kg5 Kg8 100. Kg6 Kh8 101. h6 Kg8 102. f7+ Kf8 103. h7 Ke7 104. h8Q Ke6 105. f8Q Kd5 106. Qf5+ Kd6 107. Qd4+ Kc7 108. Qfc5+ Kb7 109. Qdb4+ 1-0

[Event "Wch U14 Girls"]
[Site "Mamaia"]
[Date "2022.09.09"]
[Round "4"]
[White "Kirtadze, Anastasia"]
[Black "Anupam, M Sreekumar"]
[Result "0-1"]
[WhiteElo "1922"]
[BlackElo "1627"]
[PlyCount "96"]
[EventDate "2022.09.06"]
[EventType "swiss"]
[EventRounds "11"]
[EventCountry "ROU"]
[SourceTitle "CBM 210 Extra"]
[Source "ChessBase"]
[SourceDate "2022.11.30"]
[SourceVersion "1"]
[SourceVersionDate "2022.11.30"]
[SourceQuality "1"]

1. e4 e5 2. Nf3 Nc6 3. Bb5 a6 4. Ba4 Nf6 5. 0-0 Be7 6. Re1 b5 7. Bb3 d6 8. a4 Bb7 9. d3 0-0 10. Bd2 Nb8 11. Nc3 c6 12. h3 Nbd7 13. Ba2 Qc7 14. Nh4 Rfe8 15. Nf5 Bf8 16. Qf3 b4 17. Ne2 d5 18. Neg3 a5 19. Bg5 Re6 20. h4 h6 21. Bd2 Nc5 22. b3 Rd8 23. Rad1 Bc8 24. h5 Nb7 25. Kh2 Nd6 26. Rg1 c5 27. c4 bxc3 28. Bxc3 Bb7 29. Bb1 Rd7 30. Qe2 Qd8 31. Rgf1 Nxf5 32. exf5 Re8 33. Kg1 Qc7 34. Qe1 c4 35. dxc4 dxc4 36. Rxd7 Qxd7 37. bxc4 Qc6 38. f3 Qxc4 39. Be4 Ba6 40. Kh2 Nxh5 41. Rh1 Nf4 42. Bxa5 Qa2 43. Qd2 Qxa4 44. f6 g6 45. Rc1 Qd4 46. Qa2 Bc5 47. Bc3 Qe3 48. Rc2 Qg1# 0-1

[Event "IND-ch U14 Girls 34th"]
[Site "Ahmedabad"]
[Date "2022.05.14"]
[Round "11"]
[White "Mrittika, Mallick"]
[Black "Anupam, M Sreekumar"]
[Result "1/2-1/2"]
[WhiteElo "1982"]
[BlackElo "1673"]
[PlyCount "63"]
[EventDate "2022.05.09"]
[EventType "swiss"]
[EventRounds "11"]
[EventCountry "IND"]
[SourceTitle "EXT 2023"]
[Source "ChessBase"]
[SourceDate "2022.10.05"]
[SourceVersion "1"]
[SourceVersionDate "2022.10.05"]
[SourceQuality "1"]

1. e4 e5 2. Nf3 Nc6 3. Bc4 Bc5 4. c3 Nf6 5. d3 d6 6. Bb3 a6 7. h3 h6 8. Nbd2 0-0 9. Nf1 Be6 10. Ng3 d5 11. Qe2 Re8 12. 0-0 Bf8 13. Rd1 Qe7 14. Be3 Rad8 15. Bc2 Bc8 16. Nh2 Qe6 17. Nf5 Ne7 18. Nxe7+ Bxe7 19. Nf1 Qc6 20. Ng3 dxe4 21. dxe4 Be6 22. Rxd8 Rxd8 23. Bd3 Bc5 24. Bxc5 Qxc5 25. a3 Nd7 26. Nf1 Nf8 27. Rd1 Ng6 28. Qe3 Qxe3 29. Nxe3 Bb3 30. Bc2 Rxd1+ 31. Bxd1 Bxd1 32. Nxd1 1/2-1/2

[Event "IND-ch U14 Girls 34th"]
[Site "Ahmedabad"]
[Date "2022.05.11"]
[Round "6"]
[White "Anupam, M Sreekumar"]
[Black "Tejasvee, Naresh Singh"]
[Result "1-0"]
[WhiteElo "1673"]
[BlackElo "1351"]
[PlyCount "95"]
[EventDate "2022.05.09"]
[EventType "swiss"]
[EventRounds "11"]
[EventCountry "IND"]
[SourceTitle "EXT 2023"]
[Source "ChessBase"]
[SourceDate "2022.10.05"]
[SourceVersion "1"]
[SourceVersionDate "2022.10.05"]
[SourceQuality "1"]

1. e4 c5 2. Nf3 d6 3. Bb5+ Bd7 4. Bxd7+ Qxd7 5. c4 Nc6 6. d4 cxd4 7. Nxd4 e6 8. Nc3 Nf6 9. Be3 Be7 10. 0-0 0-0 11. Rc1 Rac8 12. b3 Rfd8 13. h3 Qe8 14. Nxc6 Qxc6 15. Qf3 b6 16. Rfd1 Rd7 17. Rd3 Qb7 18. Rcd1 Rcd8 19. Bg5 h6 20. Bh4 Ne8 21. Bxe7 Rxe7 22. e5 Qxf3 23. gxf3 Red7 24. exd6 Rxd6 25. Rxd6 Rxd6 26. Rxd6 Nxd6 27. Kf1 Kf8 28. Ke2 Ke7 29. Kd3 Kf6 30. Ne4+ Ke7 31. Nxd6 Kxd6 32. f4 g6 33. h4 f6 34. b4 e5 35. Ke4 exf4 36. Kxf4 a5 37. a3 a4 38. Ke4 h5 39. f4 Ke6 40. c5 bxc5 41. bxc5 Kd7 42. Kd5 g5 43. fxg5 fxg5 44. hxg5 h4 45. Ke4 h3 46. Kf3 h2 47. Kg2 h1Q+ 48. Kxh1 1-0

[Event "IND-ch U18 Girls"]
[Site "Pollachi"]
[Date "2022.04.21"]
[Round "8"]
[White "Anupam, M Sreekumar"]
[Black "Sindhusree, K."]
[Result "1-0"]
[WhiteElo "1653"]
[BlackElo "1458"]
[PlyCount "117"]
[EventDate "2022.04.18"]
[EventType "swiss"]
[EventRounds "11"]
[EventCountry "IND"]
[SourceTitle "CBM 208 Extra"]
[Source "ChessBase"]
[SourceDate "2022.07.31"]
[SourceVersion "1"]
[SourceVersionDate "2022.07.31"]
[SourceQuality "1"]

1. e4 c5 2. Nf3 e6 3. c4 a6 4. Nc3 Qc7 5. Be2 d6 6. 0-0 Nf6 7. d4 cxd4 8. Nxd4 Be7 9. Be3 0-0 10. Rc1 Nbd7 11. f4 b6 12. f5 e5 13. Nd5 Nxd5 14. cxd5 Qb7 15. Nc6 Bf6 16. g4 h6 17. Qe1 Nc5 18. Rxc5 bxc5 19. Qd2 Qc7 20. g5 hxg5 21. Bxg5 Bxg5 22. Qxg5 f6 23. Qh4 Bb7 24. Rf3 Bxc6 25. dxc6 Kf7 26. Rg3 Ke8 27. Qh7 Ra7 28. Bc4 g5 29. fxg6 Qxh7 30. gxh7 Rxh7 31. Bxa6 Ra7 32. Bb7 Kf7 33. h4 Rh8 34. Ra3 Rxa3 35. bxa3 Rxh4 36. c7 Rh8 37. c8Q Rxc8 38. Bxc8 Ke7 39. Kf2 Kd8 40. Be6 Kc7 41. Ke3 Kb6 42. Kd3 Ka5 43. Bd7 Kb6 44. Kc4 Kc7 45. Be6 Kc6 46. a4 Kb6 47. a3 Ka5 48. Bd7 Kb6 49. Bb5 Kb7 50. a5 Kb8 51. Kd5 Kc7 52. a6 Kb6 53. Kxd6 f5 54. exf5 e4 55. Be2 c4 56. Bxc4 e3 57. f6 e2 58. Bxe2 Ka5 59. f7 1-0

[Event "IND-ch U18 Girls"]
[Site "Pollachi"]
[Date "2022.04.21"]
[Round "7"]
[White "Keerti, Shree Reddy"]
[Black "Anupam, M Sreekumar"]
[Result "1-0"]
[WhiteElo "1706"]
[BlackElo "1653"]
[PlyCount "111"]
[EventDate "2022.04.18"]
[EventType "swiss"]
[EventRounds "11"]
[EventCountry "IND"]
[SourceTitle "CBM 208 Extra"]
[Source "ChessBase"]
[SourceDate "2022.07.31"]
[SourceVersion "1"]
[SourceVersionDate "2022.07.31"]
[SourceQuality "1"]

1. d4 d5 2. Nc3 Nf6 3. Bg5 e6 4. e4 dxe4 5. Nxe4 Be7 6. Bxf6 Bxf6 7. c3 Bd7 8. Nf3 Bc6 9. Bd3 Nd7 10. 0-0 0-0 11. Re1 Re8 12. Qc2 Be7 13. Rad1 Bf8 14. Re3 g6 15. Ne5 Bxe4 16. Bxe4 c6 17. Nc4 Qc7 18. h4 c5 19. Qe2 Rac8 20. b3 cxd4 21. cxd4 Bg7 22. h5 Nf6 23. hxg6 hxg6 24. Bf3 Bh6 25. Re5 Nd7 26. Rb5 b6 27. Ne5 Nf6 28. Bc6 Re7 29. Rb4 Qd6 30. Rc4 Kg7 31. Rd3 Rh8 32. Rh3 Nd5 33. g3 Nb4 34. Bg2 b5 35. Rxb4 Qxb4 36. Nc6 Qd6 37. Nxe7 Qxe7 38. Qxb5 Rc8 39. Qe5+ f6 40. Qe2 Qd6 41. Rh4 Bg5 42. Re4 f5 43. Rxe6 Qxd4 44. Rxg6+ Kxg6 45. Qe6+ Bf6 46. Qxc8 Qa1+ 47. Bf1 Qxa2 48. Qg8+ Kh6 49. Qf8+ Kg6 50. Bb5 Qxb3 51. Be8+ Kg5 52. Bf7 Qb1+ 53. Kh2 Kg4 54. Qh6 Kf3 55. Qe3+ Kg4 56. Qf4# 1-0

[Event "IND-ch U20 Girls 50th"]
[Site "Gurugram"]
[Date "2022.03.12"]
[Round "8"]
[White "Bommini, Mounika Akshaya"]
[Black "Anupam, M Sreekumar"]
[Result "1/2-1/2"]
[WhiteElo "2145"]
[BlackElo "1724"]
[PlyCount "77"]
[EventDate "2022.03.09"]
[EventType "swiss"]
[EventRounds "9"]
[EventCountry "IND"]
[SourceTitle "EXT 2023"]
[Source "ChessBase"]
[SourceDate "2022.10.05"]
[SourceVersion "1"]
[SourceVersionDate "2022.10.05"]
[SourceQuality "1"]

1. d4 d5 2. Bf4 Nf6 3. e3 e6 4. Nd2 Be7 5. Ngf3 0-0 6. Bd3 b6 7. Qe2 Bb7 8. Ne5 c5 9. c3 Nc6 10. Rd1 a5 11. a4 Nd7 12. Bg3 cxd4 13. Nxd7 Qxd7 14. exd4 Nb8 15. Ra1 Bd6 16. f4 Ba6 17. 0-0 Bxd3 18. Qxd3 Nc6 19. Nf3 Ne7 20. Ne5 Bxe5 21. fxe5 Rab8 22. Rf2 Rfc8 23. Bf4 Rc4 24. b3 Rcc8 25. Raf1 Rf8 26. Bg5 h6 27. Bc1 b5 28. axb5 Rxb5 29. c4 dxc4 30. Qxc4 Rd5 31. Bb2 Nf5 32. Qa6 Nxd4 33. Bxd4 Rxd4 34. Qxa5 Rd5 35. Qc3 Qb5 36. Qc7 Rd7 37. Qc3 Rd3 38. Qc7 Rd7 39. Qc3 1/2-1/2

[Event "IND-ch U16 Girls"]
[Site "New Delhi"]
[Date "2022.03.08"]
[Round "9"]
[White "Khairmode, Dhanashree"]
[Black "Anupam, M Sreekumar"]
[Result "1-0"]
[WhiteElo "1438"]
[BlackElo "1724"]
[PlyCount "75"]
[EventDate "2022.03.04"]
[EventType "swiss"]
[EventRounds "9"]
[EventCountry "IND"]
[SourceTitle "CBM 207 Extra"]
[Source "ChessBase"]
[SourceDate "2022.05.31"]
[SourceVersion "1"]
[SourceVersionDate "2022.05.31"]
[SourceQuality "1"]

1. e4 e5 2. Nf3 Nc6 3. Bb5 a6 4. Ba4 Nf6 5. d3 b5 6. Bb3 Be7 7. 0-0 0-0 8. Re1 d6 9. c3 Re8 10. Nbd2 Na5 11. Bc2 c5 12. Nf1 Bf8 13. Ng3 g6 14. d4 Qc7 15. h3 Bg7 16. d5 Nb7 17. Nh2 c4 18. f4 Nd7 19. f5 Nf6 20. Rf1 Nc5 21. Ng4 Nxg4 22. Qxg4 Nd7 23. Qh4 Rf8 24. f6 Qd8 25. Bg5 Bh8 26. Rf3 Re8 27. Raf1 Nf8 28. Bh6 Ra7 29. Bxf8 Rxf8 30. Qh6 Re8 31. Nh5 a5 32. Ng7 Rf8 33. Rg3 b4 34. Bd1 b3 35. a3 Bd7 36. Bg4 Bc8 37. Bxc8 Qxc8 38. Rf5 1-0

[Event "IND-ch U16 Girls"]
[Site "New Delhi"]
[Date "2022.03.04"]
[Round "1"]
[White "Kathakali, Dey"]
[Black "Anupam, M Sreekumar"]
[Result "0-1"]
[WhiteElo "1126"]
[BlackElo "1724"]
[PlyCount "98"]
[EventDate "2022.03.04"]
[EventType "swiss"]
[EventRounds "9"]
[EventCountry "IND"]
[SourceTitle "CBM 207 Extra"]
[Source "ChessBase"]
[SourceDate "2022.05.31"]
[SourceVersion "1"]
[SourceVersionDate "2022.05.31"]
[SourceQuality "1"]

1. Nf3 d5 2. d4 e6 3. c4 Nf6 4. Nc3 Be7 5. Bg5 h6 6. Bxf6 Bxf6 7. e3 c6 8. Bd3 Nd7 9. 0-0 0-0 10. Re1 a6 11. Rc1 dxc4 12. Bxc4 b5 13. Bd3 Bb7 14. Ne4 Be7 15. Bb1 Rc8 16. Qd3 f5 17. Nc5 Bxc5 18. dxc5 Qe7 19. b4 e5 20. Red1 Rc7 21. Qd6 Qxd6 22. Rxd6 Bc8 23. Rcd1 e4 24. Nd4 Ne5 25. a3 Rf6 26. Ba2+ Kh7 27. f4 Nd3 28. Ne6 Bxe6 29. Bxe6 a5 30. Rb1 Kg6 31. h3 Re7 32. Bc8 Rc7 33. Be6 h5 34. Kf1 h4 35. Ke2 Kh5 36. Kd2 g5 37. fxg5 Kxg5 38. Kc3 f4 39. Kd4 fxe3 40. Kxe3 axb4 41. axb4 Nf4 42. Bg4 Nxg2+ 43. Kxe4 Re7+ 44. Kd4 Rf4+ 45. Kc3 Re3+ 46. Rd3 Ree4 47. Rg1 Rc4+ 48. Kd2 Rf2+ 49. Be2 Re4 0-1

[Event "Eastern Asia-ch U14 Girls"]
[Site "Tornelo INT"]
[Date "2021.10.24"]
[Round "9"]
[White "Netra, P Savaikar"]
[Black "Anupam, M Sreekumar"]
[Result "0-1"]
[WhiteElo "1190"]
[BlackElo "1330"]
[PlyCount "82"]
[EventDate "2021.10.22"]
[EventType "swiss"]
[EventRounds "9"]
[EventCountry "NET"]
[SourceTitle "EXT 2023"]
[Source "ChessBase"]
[SourceDate "2022.10.05"]
[SourceVersion "1"]
[SourceVersionDate "2022.10.05"]
[SourceQuality "1"]

1. d4 d5 2. Nf3 Nf6 3. e3 e6 4. Bd3 Be7 5. Nbd2 c5 6. b3 Nc6 7. Bb2 0-0 8. 0-0 b6 9. Ne5 Bb7 10. f4 cxd4 11. exd4 Nb4 12. Be2 Ne4 13. a3 Nc6 14. Bd3 f5 15. Rf3 Nxe5 16. fxe5 Bg5 17. Nf1 Qe8 18. Rh3 Qg6 19. Qh5 Qxh5 20. Rxh5 g6 21. Rh3 a5 22. Re1 Ba6 23. Bxa6 Rxa6 24. Rd3 Rc8 25. Re2 b5 26. Ng3 Rac6 27. c3 Nxc3 28. Rc2 Ne4 29. Rxc6 Rxc6 30. Nxe4 fxe4 31. Rc3 Rxc3 32. Bxc3 a4 33. Bb2 axb3 34. Kf2 Kf7 35. g3 Ke7 36. h4 Bd2 37. Ke2 e3 38. Kd3 h5 39. Ke2 Kf7 40. Kf3 g5 41. hxg5 Kg6 0-1

[Event "Wch FIDE Online U12 Girls Asia qual"]
[Site "Tornelo INT"]
[Date "2020.12.12"]
[Round "5"]
[White "Anupam, M Sreekumar"]
[Black "Mariam, Mohammed Almaeeni"]
[Result "1-0"]
[WhiteElo "1798"]
[BlackElo "1267"]
[PlyCount "53"]
[EventDate "2020.12.11"]
[EventType "swiss (rapid)"]
[EventRounds "7"]
[EventCountry "ISS"]
[SourceTitle "EXT 2022"]
[Source "ChessBase"]
[SourceDate "2021.10.06"]
[SourceVersion "1"]
[SourceVersionDate "2021.10.06"]
[SourceQuality "1"]

1. e4 e6 2. d4 d5 3. e5 c5 4. c3 Nc6 5. Nf3 Qb6 6. a3 cxd4 7. cxd4 Nge7 8. b4 Nf5 9. Bb2 Be7 10. Bd3 Nfxd4 11. Nxd4 Nxe5 12. Bb5+ Bd7 13. Bxd7+ Nxd7 14. 0-0 Bf6 15. Qd2 0-0 16. Rd1 a5 17. bxa5 Rxa5 18. Bc3 Ra4 19. Bb4 Rfa8 20. Nc3 Rxb4 21. axb4 Rxa1 22. Rxa1 Qxb4 23. Ra4 Qc5 24. h3 Bxd4 25. Qxd4 e5 26. Qxc5 Nxc5 27. Ra8# 1-0